000 01208cad a22002175a 4500
001 L149512
008 100312s2010 xxk 000 0 eng d
035 _a(Sirsi) u149512
041 0 _aeng
050 0 4 _a333.33 $2 18
110 2 _aRoyal Institution of Chartered Surveyors
_bEconomics
_95033
245 0 0 _aRICS global distressed property monitor
_bFebruary 2010
_h[electronic resource]
260 _aLondon
_bRICS
_c2010
490 0 _aRICS Global Distressed Property Monitor
_vFebruary 2010
520 _aNumbers of distressed properties coming to the market are still rising globally according to the latest monitor although at a generally slower rate than in the previous quarter. Eighteen of the 25 countries surveyed report a pick up with the US and Japan leading the trend. Brazil, Hong Kong, Australia and India have reported declining numbers coming to market. Tables cover statistics for the reporting countries.
590 _aKA
651 4 _aInternational
690 _aPROPERTY-COMMERCIAL PROPERTY-COMMERCIAL PROPERTY MARKET
856 4 0 _uhttps://www.rics.org/site/download_feed.aspx?fileID=6022&fileExtension=PDF
_zView the document free of charge (pdf file) at www.rics.org
942 _n0
999 _c110523
_d110523